<?xml version="1.0" encoding="UTF-8"?>
<record
    xmlns:xsi="http://www.w3.org/2001/XMLSchema-instance"
    xsi:schemaLocation="http://www.loc.gov/MARC21/slim http://www.loc.gov/standards/marcxml/schema/MARC21slim.xsd"
    xmlns="http://www.loc.gov/MARC21/slim">

  <leader>01416    a2200241   4500</leader>
  <controlfield tag="005">2008082807517.0</controlfield>
  <controlfield tag="008">080828t        xxu||||| |||| 00| 0 hin d</controlfield>
  <datafield tag="010" ind1=" " ind2=" ">
    <subfield code="a">HIN-82602</subfield>
  </datafield>
  <datafield tag="020" ind1=" " ind2=" ">
    <subfield code="c">225.00</subfield>
    <subfield code="a">818831711x</subfield>
  </datafield>
  <datafield tag="035" ind1=" " ind2=" ">
    <subfield code="a">HN-54948</subfield>
  </datafield>
  <datafield tag="037" ind1=" " ind2=" ">
    <subfield code="b">&#x92A;&#x941;.&#x92A;&#x94D;&#x930;.&#x905;.&#x92A;&#x94D;&#x930;/&#x92A;&#x94D;&#x930;&#x915;&#x93E;</subfield>
  </datafield>
  <datafield tag="082" ind1=" " ind2=" ">
    <subfield code="a">841</subfield>
  </datafield>
  <datafield tag="100" ind1=" " ind2=" ">
    <subfield code="a">&#x91A;&#x924;&#x941;&#x930;&#x94D;&#x935;&#x947;&#x926;&#x940;, &#x935;&#x93F;&#x936;&#x94D;&#x935;&#x92E;&#x94D;&#x92D;&#x930;&#x936;&#x930;&#x923;</subfield>
  </datafield>
  <datafield tag="245" ind1=" " ind2=" ">
    <subfield code="a">&#x926;&#x940;&#x935;&#x93E;&#x928;-&#x90F;-&#x917;&#x93C;&#x93E;&#x932;&#x93F;&#x92C;(&#x926;&#x94B;&#x939;&#x94B;&#x902; &#x92E;&#x947;&#x902;); &#x926;&#x940;&#x935;&#x93E;&#x928;-&#x90F;-&#x917;&#x93C;&#x93E;&#x932;&#x93F;&#x92C; &#x915;&#x947; &#x915;&#x941;&#x91B; &#x92E;&#x936;&#x939;&#x942;&#x930; &#x936;&#x947;&#x930;&#x94B;&#x902; &#x915;&#x93E; &#x926;&#x94B;&#x939;&#x93E;&#x928;&#x941;&#x935;&#x93E;&#x926; /</subfield>
    <subfield code="c">&#x935;&#x93F;&#x936;&#x94D;&#x935;&#x92E;&#x94D;&#x92D;&#x930;&#x936;&#x930;&#x923; &#x91A;&#x924;&#x941;&#x930;&#x94D;&#x935;&#x947;&#x926;&#x940;</subfield>
  </datafield>
  <datafield tag="246" ind1=" " ind2=" ">
    <subfield code="a">Deewan-E-Ghalib(Dohon mein)</subfield>
    <subfield code="b">by Vishwambhar Sharan Chaturvedi</subfield>
  </datafield>
  <datafield tag="260" ind1=" " ind2=" ">
    <subfield code="a">&#x926;&#x93F;&#x932;&#x94D;&#x932;&#x940;</subfield>
    <subfield code="b">&#x92E;&#x93E;&#x908;&#x921; &#x90F;&#x923;&#x94D;&#x921; &#x92C;&#x949;&#x921;&#x940; &#x917;&#x94D;&#x930;&#x94B;&#x925; &#x913;&#x930;&#x93F;&#x91C;&#x93F;&#x928;</subfield>
    <subfield code="c">2007</subfield>
  </datafield>
  <datafield tag="270" ind1=" " ind2=" ">
    <subfield code="a">1/6588, &#x938;&#x940;/&#x930;&#x94B;&#x939;&#x924;&#x93E;&#x938; &#x928;&#x917;&#x930;(&#x92A;&#x942;&#x930;&#x94D;&#x935;), &#x936;&#x93E;&#x939;&#x926;&#x930;&#x93E;</subfield>
    <subfield code="b">&#x926;&#x93F;&#x932;&#x94D;&#x932;&#x940;</subfield>
    <subfield code="e">110032</subfield>
    <subfield code="k">011- 22328142</subfield>
  </datafield>
  <datafield tag="300" ind1=" " ind2=" ">
    <subfield code="a">144&#x92A;&#x943;</subfield>
    <subfield code="c">22 &#x938;&#x947;&#x92E;&#x940; (&#x938;&#x91C;&#x93F;&#x932;&#x94D;&#x926;)</subfield>
  </datafield>
  <datafield tag="650" ind1=" " ind2=" ">
    <subfield code="a">&#x939;&#x93F;&#x928;&#x94D;&#x926;&#x940;  &#x915;&#x935;&#x93F;&#x924;&#x93E;&#x90F;&#x901;</subfield>
  </datafield>
  <datafield tag="650" ind1=" " ind2=" ">
    <subfield code="a">Hindi   Poems</subfield>
  </datafield>
  <datafield tag="942" ind1=" " ind2=" ">
    <subfield code="a">dpl</subfield>
    <subfield code="c">HN</subfield>
    <subfield code="k">841 / &#x91A;&#x924;&#x941;&#x930;&#x94D;&#x935;&#x947;</subfield>
    <subfield code="2">ddc</subfield>
    <subfield code="h">841 </subfield>
    <subfield code="m">&#x91A;&#x924;&#x941;&#x930;&#x94D;&#x935;&#x947;</subfield>
  </datafield>
  <datafield tag="999" ind1=" " ind2=" ">
    <subfield code="c">10717</subfield>
    <subfield code="d">10717</subfield>
  </datafield>
  <datafield tag="952" ind1=" " ind2=" ">
    <subfield code="0">0</subfield>
    <subfield code="1">0</subfield>
    <subfield code="4">0</subfield>
    <subfield code="7">0</subfield>
    <subfield code="a">DBAD</subfield>
    <subfield code="b">DBAD</subfield>
    <subfield code="d">0000-00-00</subfield>
    <subfield code="g">225.00</subfield>
    <subfield code="l">0</subfield>
    <subfield code="o">841  &#x91A;&#x924;&#x941;&#x930;&#x94D;&#x935;&#x947;</subfield>
    <subfield code="p">HN-54948</subfield>
    <subfield code="r">2008-09-15 00:00:00</subfield>
    <subfield code="t">1</subfield>
    <subfield code="u">11799</subfield>
    <subfield code="v">225.00</subfield>
    <subfield code="w">2008-09-15</subfield>
    <subfield code="y">HN</subfield>
  </datafield>
</record>
